Statistics for Harry Potter Dumbledore and Grindelwald Trivia

Click here to take the quiz!

General Stats

  • This quiz has been taken 17 times
  • The average score is 8 of 17

Answer Stats

HintAnswer% Correct
What year did the famous duel between Dumbledore and Grindewald take place?1945
83%
What was the slogan Dumbledore invented that Grindelwald later used in his campaign?For the Greater Good
83%
What symbol did Grindelwald graffiti onto the wall of Durmstrang when he was expelled?the deathly hallows
83%
Who is Grindelwald's great aunt?Bathilda Bagshot
75%
Which hallow did Dumbledore seek most of all in his youth?the resurrection stone
75%
Where did Grindelwald and his followers reside during the Global Wizarding War?Nurmengard
67%
What stopped Grindelwald and Dumbledore from fighting during the war?the blood troth
67%
What is Grindelwald's patronus?a phoenix
50%
What does Dumbledore see in the Mirror of Erised?Grindelwald
50%
When did Dumbledore and Grindelwald first meet?summer of 1899
50%
What ability/curse was Gellert burdened with?seeing the future/sight
33%
Why did Grindelwald come to Godric's Hollow in the first place?expelled from durmstrang/looking for the hallows
25%
Why did Gellert flee after Ariana died when they were young?he was afraid/fear of rejection
25%
What flower was on Grindelwald's tie during the opening scene in the cafe in the Secrets of Dumbledore?Lavender
25%
Because of his history with Grindelwald, what did the ministry label Dumbledore as?a dark wizard sympathiser
17%
What was one of Grindelwald's proficiencies?charisma/necromancy/dark arts/leadership
17%
What was Grindelwald's response in the end when Voldemort threatened to kill him?he was ready for his next great adventure
17%

Score Distribution

Percentile by Number Answered

Percent of People with Each Score

Your Score History

You have not taken this quiz